Дело о секретном предписании замещать вакантные должности преподавателей Дерптского учебного округа преимущественно русскими и д...

Доступно только в Электронных читальных залах Найти на картеНа карте
RUSMARC
00004307nmc2a2200000 x 450
00112e53399-75b0-43a4-81b4-f341f1632a72
00520170414162328.0
100##$a20140616l18521852k l0rusy0189 ca
1010#$arus
102##$aRU
2001#$aДело о секретном предписании замещать вакантные должности преподавателей Дерптского учебного округа преимущественно русскими и делать исключения лишь для тех иностранцев, которые, имея большой стаж работы, приняли русское подданство
$j17 июня - 27 июля 1852 г.
251##$cДело
300##$aДело
300##$aОриг. заголовок дела: Дело об устранении иностранцев от преподавания в учебных заведениях Дерптского учебного округа. 17 июня 1852 г. - 27 июля 1852 г
801#0$aRU
$bРГИА
$c20140616
$gRCR
801#1$aRU
$bГлавНИВЦ
$c20140616
$2rusmarc
801#2$aRU
$bПБ им. Б.Н. Ельцина
$c20170414
$gRCR
$2rusmarc
850##$aРГИА
852##$aРГИА
$eФедеральное казенное учреждение "Российский государственный исторический архив" (РГИА)
$j398
937##$hРГИА
$d11175376
$aASBIBLIO_SCAN
462#0$1001fe4edb2a-8658-4269-9710-afcb460e1db3
$12001
$aДела Департамента народного просвещения по Дерптскому учебному округу за 1837-1862 гг.
$1251
$cОпись
$1852
$j57
461#0$1001a74412a3-3cc5-4d21-8f0a-dfe2fbd9e72d
$12001
$aДепартамент народного просвещения Министерства народного просвещения (1803-1917)
$1251
$cФонд
$1852
$j733
215##$a17 л.
$d36,5х26 см
371##$aДокумент не является опубликованным и широко распространяемым
105##$ay###
1222#$ad
5171#$aДело об устранении иностранцев от преподавания в учебных заведениях Дерптского учебного округа. 17 июня 1852 г. - 27 июля 1852 г.
035##$a12e53399-75b0-43a4-81b4-f341f1632a72
856##$uhttp://readingroom.main.prlib.ru/item.aspx?id_node=n96984794&mode=full
Формат отображения